Normal view
MARC view
Entry Personal Name
001 - CONTROL NUMBER
- control field: 1113
003 - CONTROL NUMBER IDENTIFIER
- control field: OSt
005 - DATE AND TIME OF LATEST TRANSACTION
- control field: 20140917133130.0
008 - FIXED-LENGTH DATA ELEMENTS
- fixed length control field: 140917|| aca||aabn | a|a d
040 ## - CATALOGING SOURCE
- Original cataloging agency: OSt
- Transcribing agency: OSt
100 ## - HEADING--PERSONAL NAME
- Personal name: Ridley, B. K.
670 ## - SOURCE DATA FOUND
- Source citation: Work cat.: (OSt)422: Ridley, B. K., Time, space, and things /, 1995.
